Estadísticas para Siglo V y VI

Haz click aquí para intentar la prueba.

Estadísticas generales

  • Esta prueba ha sido intentada 37 veces
  • La puntuación promedio es 16 de 21

Estadísticas de respuestas

AñoDescripciónRespuesta% Correcto
c. 450
La ciudad de Teotihuacán, situada en este actual país, alcanza su apogeo con una población de unos 150.000 habitantes.
México
97%
508Clodoveo hace de esta ciudad la capital del Imperio francoParís
97%
541–542Esta enfermedad, propagada por la bacteria Yersinia pestis, hace su primera aparición devastando el imperio bizantinoPeste
97%
500sEste juego de mesa se extiende de la India a PersiaAjedrez
94%
476Este imperio llega a su fin, marcando el inicio de la Edad MediaImperio Romano de Occidente
94%
415La filósofa pagana Hipatia es asesinada en esta ciudad africanaAlejandría
91%
c. 570Mahoma nació en esta ciudadLa Meca
91%
453Este infame gobernante de los hunos muereAtila
84%
537Esta famosa iglesia (ahora mezquita) se completa en ConstantinoplaSanta Sofía
84%
522Los monjes bizantinos roban a los chinos el secreto para fabricar este tejidoSeda
84%
531–579Khosrow I gobierna el Imperio Sasánida, con sede en este país actualIrán
81%
446Esta religión es abolida legalmente en China, la primera de cuatro
veces que esto sucedería.
Budismo
78%
482Esta ciudad está fundada sobre el río Dniéper, al menos según la tradiciónKiev
78%
400sLos anglos, sajones y jutos comienzan a asaltar y colonizar la isla.Gran Bretaña
72%
c. 432Este santo llega a IrlandaSan Patricio
69%
420Esta ciudad se asienta sobre una laguna del AdriáticoVenecia
66%
565Este "grande" emperador bizantino muere tras un largo y agitado reinadoJustiniano I
63%
578Se funda en este país la empresa Kongō Gumi. Permanecería como empresa independiente hasta 2006.Japón
53%
427Esta ciudad se convierte en la capital del reino coreano "Goguryeo"Pionyang
53%
400s–500sLos chinos Han comienzan a poblar la zona al sur de este ríoYangtsé
53%
477Este monasterio chino, famoso por sus artes marciales, está fundadoShaolin
9%

Distribución de puntuación

Porcentaje por número respondido

Porcentaje de gente con cada puntuación

Historial de tus puntuaciones

No has intentado esta prueba.